Air quality information (Record no. 106263)
[ view plain ]
| 000 -LEADER | |
|---|---|
| fixed length control field | 01038cam a2200193 4500 |
| 001 - CONTROL NUMBER | |
| control field | L135977 |
| 008 - FIXED-LENGTH DATA ELEMENTS--GENERAL INFORMATION | |
| fixed length control field | 061220n2006 000 0 eng u |
| 035 ## - SYSTEM CONTROL NUMBER | |
| System control number | (Sirsi) u135977 |
| 041 0# - LANGUAGE CODE | |
| Language code of text/sound track or separate title | eng |
| 110 1# - MAIN ENTRY--CORPORATE NAME | |
| Corporate name or jurisdiction name as entry element | United Kingdom |
| Subordinate unit | Department for Environment, Food and Rural Affairs |
| 245 00 - TITLE STATEMENT | |
| Title | Air quality information |
| 260 ## - PUBLICATION, DISTRIBUTION, ETC. | |
| Place of publication, distribution, etc. | London |
| Name of publisher, distributor, etc. | DEFRA |
| Date of publication, distribution, etc. | 2006 |
| 520 ## - SUMMARY, ETC. | |
| Summary, etc. | Details the fact that the National Air Quality Information Archive (www.airquality.co.uk) has been relaunched following its redesign. Explains that the site, which contains a huge amount of information and data on air quality in the United Kingdom, including the latest hours' and historic pollution levels back to the 1960s, is now more user friendly. Also provides Air Quality Freephone helpline number. |
| 590 ## - LOCAL NOTE (RLIN) | |
| Local note | KA |
| 651 #4 - SUBJECT ADDED ENTRY--GEOGRAPHIC NAME | |
| Geographic name | United Kingdom |
| Chronological subdivision | |
| 690 ## - LOCAL SUBJECT ADDED ENTRY--TOPICAL TERM (OCLC, RLIN) | |
| Topical term or geographic name as entry element | ENVIRONMENTAL AND LAND CONSULTANCY-SUSTAINABILITY-SUSTAINABLE DEVELOPMENT |
| 856 40 - ELECTRONIC LOCATION AND ACCESS | |
| Uniform Resource Identifier | <a href="https://www.defra.gov.uk/news/2006/061212a.htm">https://www.defra.gov.uk/news/2006/061212a.htm</a> |
| Public note | View article free of charge at www.defra.gov.uk... |
| 942 ## - ADDED ENTRY ELEMENTS (KOHA) | |
| Suppress in OPAC | 0 |
| Withdrawn status | Lost status | Source of classification or shelving scheme | Damaged status | Not for loan | Home library | Current library | Shelving location | Date acquired | Total Checkouts | Full call number | Barcode | Date last seen | Copy number | Price effective from | Koha item type |
|---|---|---|---|---|---|---|---|---|---|---|---|---|---|---|---|
| Dewey Decimal Classification | Virtual | Virtual | Online | 20/12/2006 | ONLINE PUBLICATION | 135977-2001 | 06/08/2019 | 1 | 06/08/2019 | Book |